000 00337nam a2200133Ia 4500
008 240624s9999 xx 000 0 und d
041 _aeng
082 _a413 PAR
100 _aWAGENAAR HENK W
245 _aHINDI TRANSLITERATED HINDI ENGLISH DICTI
260 _c2001
_aNew Delhi
_bAllied Publisher
300 _axxii, : 1167
365 _cRS
999 _c2033
_d2033